[Event "Harburg-chF 7th"]
[Site "Hamburg"]
[Date "2009.07.05"]
[Round "5"]
[White "Powierski, Christian"]
[Black "Undritz, Bjoern"]
[Result "1/2-1/2"]
[WhiteElo "1925"]
[BlackElo "1944"]
[PlyCount "37"]
[EventDate "2009.07.03"]
[EventType "tourn"]
[EventRounds "5"]
[EventCountry "GER"]
[SourceTitle "EXT 2010"]
[Source "ChessBase"]
[SourceDate "2010.11.25"]
[SourceVersion "1"]
[SourceVersionDate "2010.11.25"]
[SourceQuality "1"]

1. Nf3 Nf6 2. d4 d5 3. e3 e6 4. Bd3 c5 5. b3 cxd4 6. exd4 Bb4+ 7. c3 Bd6 8. 0-0 Nc6 9. Re1 0-0 10. Bg5 h6 11. Bh4 Re8 12. Ne5 Be7 13. Bc2 Nxe5 14. dxe5 Nd7 15. Bg3 b6 16. Re3 Bb7 17. Nd2 Rc8 18. Rc1 Ba3 19. Rb1 1/2-1/2

[Event "Harburg-chF 7th"]
[Site "Hamburg"]
[Date "2009.07.05"]
[Round "4"]
[White "Undritz, Bjoern"]
[Black "Klausch, Uwe"]
[Result "1-0"]
[WhiteElo "1944"]
[BlackElo "1741"]
[PlyCount "43"]
[EventDate "2009.07.03"]
[EventType "tourn"]
[EventRounds "5"]
[EventCountry "GER"]
[SourceTitle "EXT 2010"]
[Source "ChessBase"]
[SourceDate "2010.11.25"]
[SourceVersion "1"]
[SourceVersionDate "2010.11.25"]
[SourceQuality "1"]

1. e4 e5 2. Nf3 Nc6 3. d4 exd4 4. Nxd4 Bc5 5. Be3 Qf6 6. c3 Nge7 7. Bc4 Ne5 8. Bb3 0-0 9. 0-0 Bb6 10. f4 N5g6 11. e5 Qh4 12. Qf3 Nc6 13. Nd2 a6 14. Ne4 h6 15. Nf5 Bxe3+ 16. Nxe3 Na5 17. Bc2 b5 18. g3 Qh3 19. Nf2 Qe6 20. Qxa8 Bb7 21. Qa7 Nxf4 22. gxf4 1-0

[Event "Harburg-chF 7th"]
[Site "Hamburg"]
[Date "2009.07.03"]
[Round "1"]
[White "Undritz, Bjoern"]
[Black "Raasch, Peter"]
[Result "1/2-1/2"]
[WhiteElo "1944"]
[BlackElo "1937"]
[PlyCount "90"]
[EventDate "2009.07.03"]
[EventType "tourn"]
[EventRounds "5"]
[EventCountry "GER"]
[SourceTitle "EXT 2010"]
[Source "ChessBase"]
[SourceDate "2010.11.25"]
[SourceVersion "1"]
[SourceVersionDate "2010.11.25"]
[SourceQuality "1"]

1. e4 c5 2. Nf3 Nc6 3. d4 cxd4 4. Nxd4 e5 5. Nb5 a6 6. Nd6+ Bxd6 7. Qxd6 Qe7 8. Qxe7+ Ngxe7 9. Bg5 d5 10. exd5 Nxd5 11. Bc4 Be6 12. 0-0 f6 13. Bd2 0-0-0 14. Nc3 Nf4 15. Bxe6+ Nxe6 16. Be3 Ncd4 17. Rfc1 b5 18. Kf1 Kb7 19. Ne2 Nf5 20. Rd1 Nxe3+ 21. fxe3 Rxd1+ 22. Rxd1 Rd8 23. Rxd8 Nxd8 24. Nc3 Kc6 25. Ke2 Ne6 26. Ne4 f5 27. Nd2 h5 28. a3 g5 29. c4 h4 30. cxb5+ axb5 31. b4 e4 32. g4 fxg4 33. Nxe4 Kd5 34. Nf6+ Kc4 35. Nxg4 Kb3 36. Ne5 Kxa3 37. Nc6 g4 38. Ne5 Kxb4 39. Nxg4 Kc3 40. Nf6 Kc4 41. Ne4 b4 42. Nd2+ Kc3 43. Ne4+ Kc2 44. Nd2 h3 45. e4 Nf4+ 1/2-1/2